000 00327nam a22001457a 4500
008 210526b ||||| |||| 00| 0 eng d
020 _a0838578977
041 _aeng
080 _a616-053.2
082 _a616-053.2
100 _a8
101 _aPED
245 _aPrimary Care Pediatrics
_cSteven P. Shelov
942 _2udc
_cBK
999 _c57620
_d57620